Responses for Show #2999 - Thursday, September 18, 1997

Contestants

[<< previous game]

Robert Van Newkirk, an art director from Albuquerque, New Mexico

Kathy Petras, a writer from New York City, New York

Elizabeth Salinas, a historic interpreter from Silver Spring, Maryland (whose 1-day cash winnings total $13,200)

[next game >>]

Jeopardy! Round responses

MY OH MAYAN
AMERICAN HODGEPODGE
TV COPS
PREGNANCY & CHILDBIRTH
LABOR PAINS
GIMME YOUR NUMBER
    $100 1
Calendar

Robert
    $100 6
Alaska

Kathy
    $100 12
"Roseanne"

Kathy
    $200 2
Bees

Robert
    $200 19
Vermont

Robert
    $200 22
"Cagney And Lacey"

Kathy
    $200 17
Lockout

Kathy
    $200 26
(Alex: 2 on each side.)
[The end-of-round signal sounds.]

4

Elizabeth
    $300 3
Yucatan Peninsula

Kathy
    $1,300 20
the wolverine ("The Wolverine State"--Michigan)

Robert
    $300 7
"Alien Nation"

Kathy
    $300 10
Ultrasound/Sonogram

Elizabeth
    $300 16
Industrial Workers of the World ("Wobblies")

Kathy
    $300 25
(Kathy: What is 4?)
(Robert: What is 3?)
(Elizabeth: What is 5?)
...
(Alex: Kathy and Robert now realize we needed the total of both.)

7 (4 horsemen & 3 Magi)

ElizabethKathyRobert
Triple Stumper
    $400 4
Colombian

Robert
    $400 21
(Kathy: What is Arkansas?)
(Robert: What is Mississippi?)
(Elizabeth: What is Georgia?)
...
(Alex: No harm, no foul on that one...)

Florida

ElizabethKathyRobert
Triple Stumper
    $400 8
"New York Undercover"

Kathy
    $400 11
Contractions

Robert
    $400 15
Sweatshops

Kathy
    $400 23
(Alex: Less than a minute to go...)

32

Elizabeth
    $500 5
Cocoa bean

Robert
    $500 18
(Robert: What is Hawaii?)
...
(Alex: [*], not the big island of Hawaii.)

Maui

ElizabethRobert
    $500 9
"Homicide: Life on the Street"

Kathy
    $500 13
Apgar Score

Triple Stumper
    $500 14
Outsourcing

Kathy
    $500 24
42nd

Elizabeth

Scores at the first commercial break (after clue 15):

Elizabeth Kathy Robert
$300 $2,600 $1,600

Scores at the end of the Jeopardy! Round:

Elizabeth Kathy Robert
$1,200 $2,600 $1,900

Double Jeopardy! Round responses

GOOD IDEAS
WORLD HISTORY
THE MOVIES
LAKES & RIVERS
ORGANIZATIONS
LITERARY WOMEN
    $200 8
Tube

Robert
    $200 1
Saudi Arabia

Robert
    $200 6
"Evita"

Robert
    $200 13
Coins

Elizabeth
    $200 18
Margaret Truman

Elizabeth
    $400 9
(Kathy: What are razors?)
(Robert: What is a rifle?)
...
(Alex: Mark Twain, being a writer, bought one of the first.)

Typewriter

KathyRobert
Triple Stumper
    $400 2
Benito Mussolini

Robert
    $400 7
"Wayne's World"

Elizabeth
    $400 14
The Audubon Society

Robert
    $400 19
Anne Tyler

Elizabeth
    $600 10
Toll House Cookies

Elizabeth
    $600 3
Solidarity

Robert
    $600 23
Bette Midler

Kathy
    $600 28
(Robert: What is Lake Huron?)
(Kathy: What is Lake Superior?)
...
[The end-of-round signal sounds.]
(Alex: We're heading towards the Atlantic, remember west to east?)

Lake Ontario

ElizabethKathyRobert
    $600 15
(Elizabeth: What is the AMA?)

American Lung Association

ElizabethRobert
    $600 20
Shirley Jackson

Kathy
    $1,000 11
(Alex: They look a lot different now.)

Zambonis

Elizabeth
    $800 4
Cecil Rhodes

Robert
    $800 25
"Dick Tracy"

Robert
    $800 27
Red River

Elizabeth
    $800 16
the National Geographic Society

Elizabeth
    $800 21
Mary Higgins Clark

Kathy
    $1000 12
(Robert: Who is Fender?)

Les Paul

Robert
Triple Stumper
    $1000 5
Solon

Triple Stumper
    $1000 24
Steve McQueen

Triple Stumper
    $1000 26
(Alex: You picked the right one!)

Luxembourg

Robert
    $1,000 17
The Masons

Elizabeth
    $1000 22
(Alex: And we have a minute left...)

Isabel Allende

Elizabeth

Scores at the end of the Double Jeopardy! Round:

Elizabeth Kathy Robert
$7,600 $3,600 $5,100

[wagering suggestions for these scores]

Final Jeopardy! Round responses

FAMOUS NAMES
(Alex: Our 3,000th show is coming up tomorrow, it will be a lot of fun! Take care!)
KathyWho is Billy Carter?
$3,600
RobertWho was Billy Carter?
$3,000
ElizabethWho was Billy Carter?
$3,000
Billy Carter

Final scores:

Elizabeth Kathy Robert
$10,600 $7,200 $8,100
2-day champion: $23,800 3rd place: Maurice Lacroix Watch 2nd place: Trip to Bahamas Princes Resort & Casino

Game dynamics:

Coryat scores:

Elizabeth Kathy Robert
$7,400 $3,600 $4,100
16 R
(including 2 DDs),
3 W
14 R,
4 W
17 R
(including 1 DD),
6 W

Combined Coryat: $15,100

[game clues] [game scores] [suggest correction]

Game tape date: Unknown
The J! Archive is created by fans, for fans. Scraping, republication, monetization, and malicious use prohibited; this site may use cookies and collect identifying information. See terms. The Jeopardy! game show and all elements thereof, including but not limited to copyright and trademark thereto, are the property of Jeopardy Productions, Inc. and are protected under law. This website is not affiliated with, sponsored by, or operated by Jeopardy Productions, Inc. Join the discussion at JBoard.tv.